00622nam a2200205Ia 450000500170000000800410001702000180005804000180007604100080009408200210010210000170012324500470014025000120018726000670019930000340026665000170030065000410031765000260035865000320038420220829134934.0210716s2008 xx 000 0 und d a9781890774585 cAIMIT LIBRARY aeng a006.37 21bBOEA aBoehm, Anne. aMurachs visual basic 2008 /cBy Anne Boehm a1st ed. aMumbai :bShroff Publishers and Distributors Pvt Ltd. ,c2010 axviii, 820p ;bPB :c24.5 cm. aVisual Basic aThe Visual Basic Language essentials aData base programming aObject Oriented Programming